Управление качеством: учебник для вузов

Dettagli Bibliografici
Altri autori: Ильенкова С. Д. Светлана Дмитриевна (редактор)
Riassunto:В учебнике обобщаются достижения теории и практики управления качеством. Прослеживается эволюция методов обеспечения качества; излагаются методологические основы управления качеством; приводятся примеры, иллюстрирующие эффективность выборочного контроля качества. Показывается роль стандартизации и сертификации в управлении качеством. Описываются методы управления затратами на обеспечение качества. На примере сферы образования и гостиничной индустрии рассматриваются особенности управления качеством в сфере услуг. Для студентов, преподавателей экономических вузов и факультетов, а также руководителей предприятий и менеджеров по качеству.
Lingua:russo
Pubblicazione: Москва, ЮНИТИ, 2013
Edizione:4-е изд., перераб. и доп.
Soggetti:
Natura: MixedMaterials Libro
KOHA link:https://koha.lib.tpu.ru/cgi-bin/koha/opac-detail.pl?biblionumber=234515

MARC

LEADER 00000nam0a2200000 4500
001 234515
005 20231101231328.0
010 |a 9785238023441 
035 |a (RuTPU)RU\TPU\book\255639 
035 |a RU\TPU\book\46744 
035 |a RU\TPU\book\121280 
090 |a 234515 
100 |a 20070323d2013 m y0rusy50 ca 
101 0 |a rus 
102 |a RU 
105 |a a j 001zy 
200 1 |a Управление качеством  |e учебник для вузов  |f под ред. С. Д. Ильенковой 
205 |a 4-е изд., перераб. и доп. 
210 |a Москва  |c ЮНИТИ  |d 2013 
215 |a 287 с.  |c ил. 
320 |a Библиогр.: с. 271-272. 
320 |a Словарь терминов и понятий: с. 281-285. 
330 |a В учебнике обобщаются достижения теории и практики управления качеством. Прослеживается эволюция методов обеспечения качества; излагаются методологические основы управления качеством; приводятся примеры, иллюстрирующие эффективность выборочного контроля качества. Показывается роль стандартизации и сертификации в управлении качеством. Описываются методы управления затратами на обеспечение качества. На примере сферы образования и гостиничной индустрии рассматриваются особенности управления качеством в сфере услуг. Для студентов, преподавателей экономических вузов и факультетов, а также руководителей предприятий и менеджеров по качеству. 
451 1 |0 (RuTPU)RU\TPU\book\86342  |y 5-238-00491-5  |t Управление качеством  |o учебник  |f С. Д. Ильенкова, Н. Д. Ильенкова, В. С. Мхитарян и др.  |g под ред. С. Д. Ильенковой  |e 2-е изд., перераб. и доп.  |c М.  |n ЮНИТИ-ДАНА  |d 2004  |p 334 с. 
606 1 |a Качество продукции  |x Управление  |2 stltpush  |3 (RuTPU)RU\TPU\subj\14180  |9 40640 
610 1 |a организация 
610 1 |a производство 
610 1 |a управление 
610 1 |a менеджмент 
610 1 |a контроль 
610 1 |a сертификация 
610 1 |a затраты 
610 1 |a стандарты ИСО 
610 1 |a надежность 
610 1 |a выборочный контроль 
610 1 |a проектный анализ 
610 1 |a СМК 
610 1 |a система менеджмента качества 
610 1 |a гостиничная индустрия 
610 1 |a образование 
610 1 |a высшее образование 
610 1 |a учебники 
675 |a 658.562(075.8)  |v 3 
702 1 |a Ильенкова  |b С. Д.  |g Светлана Дмитриевна  |4 340 
801 1 |a RU  |b 63413507  |c 20130326 
801 2 |a RU  |b 63413507  |c 20150717  |g RCR 
900 |a Управление качеством 
942 |c BK 
952 |b 080100 
955 |l 8 
959 |a 35/20130213  |d 2  |e 400,00  |f ЧЗГЛ:1  |f АНЛ:1